| 000 | 01861cam a2200325 4500500 | ||
|---|---|---|---|
| 005 | 20251228052239.0 | ||
| 041 | _afre | ||
| 042 | _adc | ||
| 100 | 1 | 0 |
_aRömer, Thomas _eauthor |
| 245 | 0 | 0 | _aL'amitié selon la Bible hébraïque |
| 260 | _c2010. | ||
| 500 | _a81 | ||
| 520 | _aRésuméLe texte propose un parcours sur l’amitié dans la Bible hébraïque, la seule racine hébraïque ’ahab définissant sans autre distinction lexicographique amitié et amour. Analysant d’abord cette relation à un vis-à-vis à partir de Gn 2,4-3,24 en y soulignant la spécificité d’une relation interhumaine nécessaire à la complétude de l’homme, le texte s’intéresse ensuite à l’amitié dans la littérature sapientiale qui en dit l’importance et la force (Pr 17, 17), puis mentionne quelques récits qui en traitent de manière détaillée tels 2 S 15, 37/1 Ch 27, 33 ; Dn 1.3, avant de s’arrêter plus longuement sur la relation de Ruth et de Noémi – où la première, étrangère, est faite aïeule de David dans une réflexion narrative sur la force de l’amitié –, puis sur celle de David et Jonathan : lien fort (alliance, loyauté) et relation à l’autre « comme à soi » (à un vis-à-vis). Enfin, le texte analyse ces mêmes relations entre l’homme et Dieu. | ||
| 690 | _a'ahab | ||
| 690 | _aalliance | ||
| 690 | _aamitié | ||
| 690 | _aamour | ||
| 690 | _aattachement | ||
| 690 | _aconfident | ||
| 690 | _aDavid et Jonathan | ||
| 690 | _afidélité | ||
| 690 | _aGilgamesh et Enkidu | ||
| 690 | _alien | ||
| 690 | _aloyauté | ||
| 690 | _aréciprocité | ||
| 690 | _asolidarité | ||
| 690 | _avis-à-vis | ||
| 786 | 0 | _nTransversalités | 113 | 1 | 2010-03-01 | p. 31-45 | 1286-9449 | |
| 856 | 4 | 1 | _uhttps://shs.cairn.info/revue-transversalites-2010-1-page-31?lang=fr&redirect-ssocas=7080 |
| 999 |
_c1583145 _d1583145 |
||